[Event "Miami"]
[Site "Miami"]
[Date "2023.01.23"]
[Round "7"]
[White "Alvarez Ferreiro, Roberto"]
[Black "Andretta, Gaston Carlos"]
[Result "0-1"]
[WhiteElo "2236"]
[BlackElo "2138"]
[PlyCount "74"]
[EventDate "2023.01.19"]
[EventType "tourn"]
[EventRounds "9"]
[EventCountry "USA"]
[SourceTitle "EXT 2024"]
[Source "ChessBase"]
[SourceDate "2023.10.10"]
[SourceVersion "1"]
[SourceVersionDate "2023.10.10"]
[SourceQuality "1"]

1. e4 e6 2. d4 d5 3. Nc3 Bb4 4. e5 c5 5. Bd2 Ne7 6. a3 Bxc3 7. Bxc3 cxd4 8. Qxd4 Nbc6 9. Qg4 0-0 10. 0-0-0 Qc7 11. Nf3 Ng6 12. Qg3 f6 13. exf6 Qxg3 14. f7+ Rxf7 15. hxg3 h6 16. Bd3 Nf8 17. Rhf1 a6 18. Rde1 Bd7 19. Ne5 Nxe5 20. Bxe5 Nh7 21. f4 Nf6 22. Bg6 Rff8 23. f5 exf5 24. Bxf5 Bxf5 25. Rxf5 Ne4 26. Ref1 Rxf5 27. Rxf5 Rf8 28. g4 Nf2 29. Rxf8+ Kxf8 30. Kd2 Nxg4 31. Bd4 Kf7 32. Ke2 g5 33. Kf3 h5 34. a4 Ke6 35. b3 Kf5 36. g3 Ne5+ 37. Ke3 Nc6 0-1

[Event "Miami"]
[Site "Miami"]
[Date "2023.01.21"]
[Round "4"]
[White "Cabrera Gonzalez, Maximo Ariel"]
[Black "Alvarez Ferreiro, Roberto"]
[Result "1-0"]
[WhiteElo "2322"]
[BlackElo "2236"]
[PlyCount "111"]
[EventDate "2023.01.19"]
[EventType "tourn"]
[EventRounds "9"]
[EventCountry "USA"]
[SourceTitle "EXT 2024"]
[Source "ChessBase"]
[SourceDate "2023.10.10"]
[SourceVersion "1"]
[SourceVersionDate "2023.10.10"]
[SourceQuality "1"]

1. Nf3 d5 2. d4 Nf6 3. c4 c6 4. e3 e6 5. Nc3 Nbd7 6. Bd3 Bd6 7. 0-0 dxc4 8. Bxc4 b5 9. Bd3 Bb7 10. Qe2 0-0 11. Rd1 Qc7 12. h3 a6 13. e4 e5 14. Bg5 h6 15. dxe5 Bxe5 16. Nxe5 Qxe5 17. Bh4 Rfe8 18. Bg3 Qe6 19. Bc2 c5 20. Rd6 Qe7 21. Rad1 Ne5 22. b3 Nc6 23. Bb1 Nd4 24. Qf1 Nxe4 25. Bxe4 Bxe4 26. b4 Nf5 27. Rd7 Qg5 28. Nxe4 Rxe4 29. bxc5 Nxg3 30. fxg3 Qxc5+ 31. Kh2 Rf8 32. R1d5 Qc4 33. Qf5 Ree8 34. Rd2 Qe6 35. Qh5 Qe5 36. Qg4 Re6 37. R7d5 Qa1 38. Rd8 Rfe8 39. Qxe6 fxe6 40. Rxe8+ Kf7 41. Ra8 b4 42. Rf2+ Kg6 43. Rxa6 Qe1 44. Rf4 Kh7 45. Ra4 b3 46. axb3 Qb1 47. Rab4 Qd3 48. Rb7 h5 49. h4 Kg6 50. Rff7 e5 51. Rxg7+ Kf6 52. Rgd7 Qc3 53. Rdc7 Qd3 54. Rc6+ Kf5 55. Rf7+ Ke4 56. Rc4+ 1-0

[Event "US op Irwin 121st"]
[Site "Cherry Hill"]
[Date "2021.08.02"]
[Round "4"]
[White "Eckert, Doug D"]
[Black "Alvarez Ferreiro, Roberto"]
[Result "1-0"]
[WhiteElo "2172"]
[BlackElo "2279"]
[PlyCount "71"]
[EventDate "2021.07.31"]
[EventType "swiss"]
[EventRounds "6"]
[EventCountry "USA"]
[SourceTitle "EXT 2022"]
[Source "ChessBase"]
[SourceDate "2021.10.06"]
[SourceVersion "1"]
[SourceVersionDate "2021.10.06"]
[SourceQuality "1"]

1. d4 Nf6 2. c4 c5 3. d5 e6 4. Nc3 exd5 5. cxd5 d6 6. Nf3 g6 7. Nd2 Nbd7 8. e4 Bg7 9. Be2 0-0 10. 0-0 Re8 11. a4 a6 12. f4 c4 13. Kh1 Nc5 14. e5 dxe5 15. Nxc4 e4 16. Be3 Nd3 17. Bxd3 exd3 18. Bb6 Qe7 19. d6 Qf8 20. Qxd3 Bf5 21. Qd2 Nd7 22. Bc7 Nc5 23. Qd5 Ne4 24. Ne5 Nxc3 25. bxc3 Bxe5 26. fxe5 Bd7 27. Rf6 Bc6 28. Qd4 Qh6 29. d7 Red8 30. Rxc6 bxc6 31. Bxd8 Rxd8 32. Qd6 Qf8 33. Qxc6 Qe7 34. Rd1 Qxe5 35. Qxa6 Qxc3 36. Qb6 1-0

[Event "Capablanca Memorial op 49th"]
[Site "Havana"]
[Date "2014.05.14"]
[Round "6"]
[White "Alvarez Ferreiro, Roberto"]
[Black "Romero Nunez, Wendy"]
[Result "1/2-1/2"]
[WhiteElo "2382"]
[BlackElo "2080"]
[PlyCount "140"]
[EventDate "2014.04.08"]
[EventType "swiss"]
[EventRounds "10"]
[EventCountry "CUB"]
[SourceTitle "CBM 160 Extra"]
[Source "ChessBase"]
[SourceDate "2014.07.01"]
[SourceVersion "1"]
[SourceVersionDate "2014.07.01"]
[SourceQuality "1"]

1. e4 c5 2. Nf3 e6 3. Nc3 a6 4. g3 b5 5. Bg2 Bb7 6. d3 Be7 7. 0-0 d6 8. a4 b4 9. Ne2 Nf6 10. b3 d5 11. Nd2 Nc6 12. Bb2 0-0 13. h3 Qc7 14. f4 dxe4 15. Nxe4 Nxe4 16. Bxe4 Rfd8 17. Kh2 Rac8 18. Rc1 a5 19. Ng1 Nd4 20. Bxb7 Qxb7 21. Bxd4 Rxd4 22. Nf3 Rd5 23. Nd2 Bf6 24. Qf3 Rcd8 25. Nc4 Qc7 26. Rce1 Bc3 27. Re2 g6 28. Kh1 R8d7 29. g4 Qd8 30. Qg3 Qc7 31. Re3 Bd4 32. Ref3 Re7 33. Re1 Bf6 34. Re2 Kg7 35. Kg2 Qd8 36. Rfe3 Ra7 37. Re4 Ra6 38. Ne3 Rd4 39. Qf3 Qd7 40. g5 Bd8 41. Ng4 Qc8 42. Rxd4 cxd4 43. Qe4 Qc6 44. Ne5 Qd6 45. Nc4 Qd7 46. h4 Bc7 47. Qf3 Rc6 48. Re4 Rc5 49. h5 Rf5 50. h6+ Kf8 51. Ne5 Bxe5 52. Rxe5 Qc7 53. Rxf5 Qxc2+ 54. Kg3 exf5 55. Qa8+ Ke7 56. Qa7+ Ke8 57. Qb8+ Kd7 58. Qb5+ Kd6 59. Qb6+ Ke7 60. Qf6+ Ke8 61. Qe5+ Kf8 62. Qxd4 Ke7 63. Qf6+ Ke8 64. Qh8+ Ke7 65. Qe5+ Kf8 66. Qb8+ Ke7 67. Qa7+ Ke8 68. Qb8+ Ke7 69. Qe5+ Kf8 70. Qd5 Ke7 1/2-1/2

[Event "Capablanca Memorial op 49th"]
[Site "Havana"]
[Date "2014.05.10"]
[Round "3"]
[White "Alvarez Ferreiro, Roberto"]
[Black "Ginesta Caballero, Olga Lucia"]
[Result "1-0"]
[WhiteElo "2382"]
[BlackElo "2124"]
[PlyCount "107"]
[EventDate "2014.04.08"]
[EventType "swiss"]
[EventRounds "10"]
[EventCountry "CUB"]
[SourceTitle "CBM 160 Extra"]
[Source "ChessBase"]
[SourceDate "2014.07.01"]
[SourceVersion "1"]
[SourceVersionDate "2014.07.01"]
[SourceQuality "1"]

1. d4 Nf6 2. Nf3 e6 3. c4 Bb4+ 4. Bd2 Qe7 5. Qc2 Nc6 6. Bc3 0-0 7. e3 d6 8. Be2 e5 9. d5 Bxc3+ 10. Nxc3 Nb4 11. Qa4 a5 12. a3 Bd7 13. Qd1 Na6 14. 0-0 c6 15. Nd2 Nc7 16. e4 c5 17. b3 Rab8 18. Qc2 Ng4 19. Bxg4 Bxg4 20. f3 Bd7 21. Rfe1 Qg5 22. Qd3 h6 23. Qe3 Qxe3+ 24. Rxe3 g5 25. h3 Kg7 26. Ree1 f6 27. Reb1 Ra8 28. Ra2 Kf7 29. b4 axb4 30. axb4 Rxa2 31. Nxa2 Na6 32. bxc5 Nxc5 33. Nb3 Nxb3 34. Rxb3 Bc8 35. Rb6 Ke7 36. Nc3 Rd8 37. g4 Rd7 38. Nb5 Rd8 39. Kf2 Rd7 40. Ke3 Rd8 41. Kd2 Rd7 42. Kd3 Rd8 43. Kc3 Rd7 44. c5 dxc5 45. Re6+ Kf8 46. Kc4 Rf7 47. Rb6 Ke7 48. Nd6 Rf8 49. Kxc5 Rd8 50. Nxb7 Bxb7 51. Rxb7+ Ke8 52. Rh7 Rc8+ 53. Kd6 Rc3 54. Ke6 1-0

[Event "Capablanca Memorial op 49th"]
[Site "Havana"]
[Date "2014.05.09"]
[Round "2"]
[White "Corrales Jimenez, Zenia"]
[Black "Alvarez Ferreiro, Roberto"]
[Result "1-0"]
[WhiteElo "2178"]
[BlackElo "2382"]
[PlyCount "143"]
[EventDate "2014.04.08"]
[EventType "swiss"]
[EventRounds "10"]
[EventCountry "CUB"]
[SourceTitle "CBM 160 Extra"]
[Source "ChessBase"]
[SourceDate "2014.07.01"]
[SourceVersion "1"]
[SourceVersionDate "2014.07.01"]
[SourceQuality "1"]

1. e4 e5 2. Nf3 Nc6 3. Bc4 Bc5 4. d3 Nf6 5. c3 d6 6. 0-0 Bg4 7. Be3 Bb6 8. Nbd2 0-0 9. h3 Bh5 10. Re1 h6 11. Bb3 g5 12. Nf1 Bg6 13. Bxb6 axb6 14. Ng3 Kg7 15. d4 Re8 16. dxe5 dxe5 17. Qe2 Qe7 18. Nh2 Rad8 19. Nhf1 Qc5 20. Ne3 Ne7 21. Qf3 Rd2 22. Rad1 Rxd1 23. Rxd1 Qc6 24. Ng4 Nxg4 25. Qxg4 Ng8 26. h4 Nf6 27. Nf5+ Kh7 28. Qh3 gxh4 29. Nxh4 Qxe4 30. Nf3 Kg7 31. Nh4 Re7 32. Nxg6 Qxg6 33. Rd3 Ng4 34. Bc2 Qg5 35. Bd1 h5 36. Rd8 Re6 37. Qd3 Rg6 38. Bxg4 Qxg4 39. Qd5 Qg5 40. Re8 Qc1+ 41. Kh2 Qf4+ 42. Kg1 Rf6 43. f3 Rd6 44. Qxe5+ Qxe5 45. Rxe5 Kg6 46. Re7 Rc6 47. Kf2 b5 48. Re5 Rb6 49. a3 c6 50. Ke3 Ra6 51. Re7 b6 52. Rc7 c5 53. Ke4 b4 54. axb4 cxb4 55. cxb4 Ra2 56. Rc2 Ra4 57. Rc6+ f6 58. Rxb6 Ra2 59. g3 Rxb2 60. Rb8 Re2+ 61. Kf4 Rb2 62. b5 Rb4+ 63. Ke3 Rb3+ 64. Ke4 f5+ 65. Kf4 Kf6 66. b6 Rb4+ 67. Ke3 f4+ 68. gxf4 h4 69. b7 Kg7 70. Kf2 Rb2+ 71. Kg1 h3 72. f5 1-0